Semimicro Qualitative Analysis /

Contenido: Introducción; Plan de semimicro en análisis cualitativo; Análisis de aniones; Análisis de cationes; Análisis de aleaciones, sales y substancias comerciales; Problemas, ejercicios y apéndices.

Na minha lista:
Detalhes bibliográficos
Autor principal: King, G. Brooks (autor)
Outros Autores: Caldwell, William Elmer (autor) (autor), Epstein, Lawrence M. (autor) (autor)
Formato: Livro
Idioma:inglês
Publicado em: Belmont, EUA : Wadsworth, 1986, c1986
Assuntos:
Tags: Adicionar Tag
Sem tags, seja o primeiro a adicionar uma tag!

MARC

LEADER 00000nam^a2200000^a^4500
001 000165370
005 20250521000000.0
009 20260310101015.083
020 |a 0-534-05677-6 
037 |a Acervo ITESO - Biblioteca 
041 |a ING 
082 |a 544. 85  |b KIN 
100 |a King, G. Brooks  |e (autor) 
245 1 0 |a Semimicro Qualitative Analysis /  |c G.B. King, W.E. Caldwell, L.M. Epstein 
264 4 |a Belmont, EUA :  |b Wadsworth,  |c 1986, c1986 
300 |a VI, 103 p. 
336 |a texto  |b txt  |2 rdacontenido 
337 |a sin mediación  |b n  |2 rdamedio 
338 |a volumen  |b nc  |2 rdasoporte 
520 |a Contenido: Introducción; Plan de semimicro en análisis cualitativo; Análisis de aniones; Análisis de cationes; Análisis de aleaciones, sales y substancias comerciales; Problemas, ejercicios y apéndices. 
649 |a XX 
650 |a Semimicroanálisis 
650 |a Química Analítica Cualitativa 
650 |a Química -  |x Laboratorios 
650 |a Química Analítica -  |x Laboratorios 
650 |a Química Analítica 
700 |a Caldwell, William Elmer  |e (autor) 
700 |a Epstein, Lawrence M.  |e (autor) 
910 |a Fondo General 
920 |a Impresos - Libros 
930 |a Colección General 
905 |a 101 
901 |a 0500100326  |b IT1  |c ACC  |u 20250521 
901 |a 0500102932  |b IT1  |c ACC  |u 20250521 
902 |a https://opac.biblio.iteso.mx/vufind/Record/000165370